Where Does It Grow? Click Quiz #3 - Statistics

General Stats
  • This quiz has been taken 2,160 times
  • The average score is 16 of 26
Answer Stats
Hint Answer % Correct
Grapefruit
87%
Pomegranate
86%
Romaine lettuce
86%
Sweet potato
86%
Papaya
82%
Parsley
81%
Cilantro/Coriander
80%
Arugula/Rocket
75%
Bok choy/Pak choi
74%
Lychee
72%
Pistachio
71%
Persimmon
71%
Prickly pear
69%
Durian
66%
Açaí berry
62%
Saguaro fruit
60%
Endive
57%
Rutabaga/Swede
57%
Ginseng
56%
Wasabi
52%
Cassava
42%
Kohlrabi
38%
Dragonfruit
28%
Peruvian apple
26%
Jerusalem artichoke
26%
Salsify
18%
No matching quizzes found
Score Distribution
Percent of People with Each Score
Percentile by Number Answered
Your Score History
You have not taken this quiz